| 000 | 00330nam a2200121Ia 4500 | ||
|---|---|---|---|
| 008 | 220901s9999||||xx |||||||||||||| ||und|| | ||
| 082 | _a625.7 IND | ||
| 100 | _aIndian Roads Congress | ||
| 245 | 0 | _aIndian highways | |
| 250 | _aVol. 43 & Issue No. 8 to 12 | ||
| 260 |
_bIndian Roads Congress _c2015 |
||
| 650 | _aHighway engineering | ||
| 999 |
_c193866 _d193866 |
||